01217nam a2200373 c 450000100060000000300100000600500170001600700030003300800590003602000150009502000180011004000350012804100130016304300120017608400060018810000340019424501010022825000220032926400450035130000180039633600270041433700330044133800280047449000450050252100420054753400470058965000350063665000260067165000310069765000460072870000370077494200150081199900170082660894CO-BoRNBP20260514155738.0ta00003022016 ck gr f spa 0000000000spa00 a9584216023 a9789584216021 aCO-BoRNBPbspaerdacCO-BoRNBP1 aspahger ae-gx--- aN10aSuskind, Patrick,eaut91744713aEl perfume :bhistoria de un asesino /cPatrick Süskind ; traducción de Pilar Giralt Goriba. aPrimera edición 1aBogotá, Colombia :bSeix Barral,c2016 a308 páginas atextobtxt2rdacontent asin mediaciónbn2rdamedia avolumenbnc2rdacarrier0 aBooket. Bestseller internacional ;v10131 aRecomendado para un público general tDas parfum. Die geschichte eines mörders17aAsesinos en serie2lemb96973117aPerfumes2lemb96973217aNovela alemana2rnbp9266917aLiteratura alemanaySiglo XX2rnbp96278310aGiralt Gorina, Pilaretrl969733 2loccBKLIT c60894d60894